| 000 | 00626nam a2200193 u 4500 | ||
|---|---|---|---|
| 005 | 20210223130722.0 | ||
| 008 | 081009s2004 mx r 000 0 spa d | ||
| 020 | _a9681913302 | ||
| 035 | _aUPN01000163003 | ||
| 049 | _aCG | ||
| 050 | 4 |
_aR131 _bP6.2 |
|
| 100 | 1 | _aPorter, Roy | |
| 245 | 1 | 0 |
_aBreve historia de la medicina : _blas personas, la enfermedad y la atención sanitaria / _cRoy Porter ; tr. Irene Cifuentes. |
| 260 |
_aMéxico : _bTaurus, _c2004. |
||
| 300 |
_a302 p. : _bil. |
||
| 534 |
_pTítulo original: _tBlood & guts : a short history of medicine |
||
| 650 | 4 |
_aMEDICINA - _xHISTORIA _927181 |
|
| 905 | _aLibro | ||
| 999 |
_c135116 _d135116 |
||